Strzelcy bramek w 32 kolejce Bundesligi w sezonie 2020/21. - Statystyki

Ogólne statystyki
  • Ten quiz został rozwiązany 11 razy
  • Średni wynik to 11 z 30
Statystyki odpowiedzi
Mecz Piłkarz % Poprawnych
Bayern - Monchengladbach 1:0 Lewandowski
100%
Bayern - Monchengladbach 3:0 Lewandowski
100%
Bayern - Monchengladbach 5:0 Lewandowski
100%
Bayern - Monchengladbach 2:0 Muller
82%
Bayern - Monchengladbach 4:0 Coman
64%
Dortmund - RB Lipsk 1:0 Reus
64%
Dortmund - RB Lipsk 2:0 Sancho
64%
Dortmund - RB Lipsk 3:2 Sancho
64%
Bayern - Monchengladbach 6:0 Sane
55%
Wolfsburg - Union Berlin 1:0 Brekalo
45%
Wolfsburg - Union Berlin 2:0 Brekalo
45%
Wolfsburg - Union Berlin 3:0 Brekalo
45%
Hoffenheim - Schalke 1:2 Kramaric
45%
Hoffenheim - Schalke 0:2 Mustafi
36%
Stuttgart - Augsburg 2:1 Kalajdzic
27%
Dortmund - RB Lipsk 2:2 Olmo
27%
Koln - Freiburg 0:1 Petersen
27%
Hoffenheim - Schalke 4:2 Bebou
18%
Koln - Freiburg 0:2 Demirovic
18%
Frankfurt - Mainz 0:1 Onisiwo
18%
Hoffenheim - Schalke 0:1 Uth
18%
Hoffenheim - Schalke 2:2 Akpoguma
9%
Frankfurt - Mainz 1:1 Hrustic
9%
Dortmund - RB Lipsk 2:1 Klostermann
9%
Stuttgart - Augsburg 1:1 Niederlechner
9%
Koln - Freiburg 1:2 Andersson
0%
Hoffenheim - Schalke 3:2 Baumgartner
0%
Stuttgart - Augsburg 1:0 Forster
0%
Koln - Freiburg 1:3 Grifo
0%
Koln - Freiburg 1:4 Schmid
0%
Nie znaleziono quizów pasujących do podanych kryteriów
Rozkład punktacji
Procent ludzi z każdym wynikiem
Percentyl według liczby udzielonych odpowiedzi
Twoja historia wyników
Nie rozwiązałeś tego quizu